000 02483cab a2200301 ab4500
005 20250806103758.0
008 991125c2016 sp tr p o 000 0 spa d
035 _aUPN01000234984
040 _aMX-MxUPN
_bspa
_cMX-MxUPN
_eaacr2
049 _aART-E
100 1 _aGros Salvat, Begoña
_943888
100 1 _aEscofet, Anna
_954744
100 1 _aMarimon-Martí, Marta
_949205
222 0 _aREVISTA LATINOAMERICANA DE TECNOLOGIA EDUCATIVA
245 0 4 _aLos patrones de diseño como herramientas para guiar la práctica del profesorado
_h[recurso electrónico en línea]
260 _aExtremadura, España
520 3 _aLos patrones de diseño permiten extraer conocimiento a partir de la práctica y pueden constituir una solución para problemas identificados en un contexto educativo particular, orientando las decisiones pedagógicas en la planificación de la actividad educativa. El uso del lenguaje de patrones ayuda a compartir dichas soluciones para su puesta en práctica en contextos educativos afines. Aunque su uso educativo resulta incipiente, se observa un interés creciente por analizar las metodologías para su elaboración y el desarrollo de sistemas de formalización que permitan llegar a un lenguaje común de su representación. En este artículo se analiza el papel de los patrones pedagógicos como herramienta para guiar la práctica del profesorado. Se presenta el resultado del diseño de patrones del aprendizaje en el contexto universitario mediante un proceso participativo entre docentes e investigadores. Este trabajo se inscribe en el proyecto de investigación «Desig2Learn: Estrategias de co-diseño en la universidad para un aprendizaje basado en la indagación y el uso intensivo de las TIC». Partiendo de un enfoque metodológico fundamentado en la investigación basada en el diseño, se han diseñado patrones que responden a distintas situaciones de enseñanza-aprendizaje relativas a procesos de indagación y potenciadas por el uso de las tecnologías digitales. RELATEC
653 0 _aPatrones de diseño
653 0 _aLenguaje de patrones
653 0 _aPráctica docente
653 0 _aMétodos de enseñanza
653 0 _aDiseño instruccional
773 _gVol. 15, no. 3, (2016), p. 11-25
_tRELATEC : revista latinoamericana de tecnología educativa
_x1695-288X
856 4 _uhttps://relatec.unex.es/index.php/relatec/article/view/2650
902 _aLeonor Sotres/060825
905 _aArticulo
942 _cART-E
_2lcc
999 _c207079
_d207079